Bairisch Polygllot-Sprachführer

Bibliographic Details
Main Authors: Kleinmayer, Karl Georg (Author), Möser, Michael (Author)
Format: Book
Language:German
PhysicalDescription:96 s. 20 cm
Published: München Polyglott-Verlag 1997/98
ISBN:3493611900
Edition:2. Aufl.
Subjects:

MARC

LEADER 00000nam a2200000 a 4500
001 vtls001345893
003 SK-MaSNL
005 20260301200726.0
008 251124s1998 DE a 0 ger
020 |a 3493611900  |c [194,00] 
035 |a SNK000299129 
040 |a SNK  |b slo  |c SNK  |e AACR2 
044 |a DE 
080 |a 803.0-087(036)  |2 1981 
100 1 |a Kleinmayer, Karl Georg  |4 aut  |9 580294 
245 1 0 |a Bairisch  |b Polygllot-Sprachführer  |c Bearbeitung und Exkurse: Karl Georg Kleinmayer und Michael Möser 
250 |a 2. Aufl. 
260 |a München  |b Polyglott-Verlag  |c 1997/98 
300 |a 96 s.  |c 20 cm 
650 0 7 |a nemčina  |x nárečie bavorské  |x konverzácia  |x príručky  |2 SNK  |9 580295 
650 0 7 |a konverzácia nemecko-bavorská  |x príručky  |2 SNK  |9 580296 
650 0 7 |a nárečia nemecké  |z Bavorsko (Nemecko: oblasť)  |x konverzácia  |x príručky  |2 SNK  |9 580297 
700 1 |a Möser, Michael  |4 aut  |9 580298 
919 |a 3-493-61190-0 
999 |c 891798  |d 893728 
952 |t P60, <04>, [BOOK], {604}  |a SNK  |b SNK  |y VYP  |7 0  |p 17A0165255  |o snkID 96390  |i snkV 1317/98  |0 0  |1 0  |4 0  |d 1998-10-22  |l 0  |r 2005-01-02 00:00:00  |w 2026-02-24